00522nam a22001817a 4500003000500000005001700005008004100022010001000063011001000073035001000083040000900093100002200102245005600124260009200180300001800272650003400290700001600324CHAP20220329135139.0971013s1974 r 00010 d a31666 a32638 a36753 cCHAP00aNderito, Merioth. aNutrition of dual porpuse goatsb: preliminary data aMorriton, Arkansas :bWinrock International Livestock Research and Traing Center,c1974 a4 p.b: ilus.14aGanado cabríoxNutrición.0 aBrown, Dan.